=LDR 00000nam 2200000 4500 =001 INLIS000000000037358 =005 20130612143106 =008 ***********************************Ind** =035 ##$$a0010-061300000037358 =041 ##$$a Ind =082 ##$$a 786.919 =090 ##$$a 786.919, Den m =100 ##$$a Denny Ajd =245 ##$$a Modern Drum Beat, Untuk tingkat menengah sampai tingkat mahir, Denny Ajd =260 ##$$a 2009 $b Jakarta =300 ##$$a vi, 46 hlm, ilus, 31 cm =650 ##$$a Drams - Musik =850 ##$$a NBPNMAT =990 ##$$a 0001/BPAP-NTB/20142014